000 00208 a2200097 4500
001 15147
100 _aBentley
245 _aMachine shop companion
260 _aLondon
_bBentley pub
_c
090 _c11892
_d11892
942 _aNUST-CAE
_cM
_c2105
999 _c250220
_d250220